000 00308nam a22001217a 4500
020 _a9789389708448
082 _a510
_bJAU/C
100 _aDR. JAUHAR, S P
245 _aCHEMISTRY
_bCLASS XI , PART I
260 _aSAHIBABAD
_bBALWANT SHARMA, MODERN PUBLISHERS
650 _aXI CHEMISTRY, PART I
_zUP
942 _cBK
999 _c6856
_d6856